Normal view MARC view
  • Pakistan.

Entry Corporate Name

Number of records used in: 4

001 - CONTROL NUMBER

  • control field: 12291

003 - CONTROL NUMBER IDENTIFIER

  • control field: NUST

005 - DATE AND TIME OF LATEST TRANSACTION

  • control field: 20180809072307.0

008 - FIXED-LENGTH DATA ELEMENTS

  • fixed length control field: 180809|| aca||aabn | a|a d

040 ## - CATALOGING SOURCE

  • Original cataloging agency: NUST
  • Transcribing agency: NUST

110 ## - HEADING--CORPORATE NAME

  • Corporate name or jurisdiction name as entry element: Pakistan.
  • Title of a work: Code of civil procedure, 1908.
  • Date of a work: 1981.

670 ## - SOURCE DATA FOUND

  • Source citation: Work cat.: (NUST)0: Aamer Raza A. Khan. 12289, The Code of civil procedure (Act V of 1908) ., 1981
© 2023 Central Library, National University of Sciences and Technology. All Rights Reserved.